000 00253nam a2200109Ia 4500
008 190216s9999||||xx |||||||||||||| ||und||
100 _aVinod Chandra Paguy
245 0 _aHindi-Guru Dakshina
260 _bRamanarayaralal
650 _aHindi
942 _cBK
999 _c15473
_d15473